00401 2200157 4500001002100000008004100021035002000062245003700082100002100119260002500140300002200165020002200187084001400209082000800223990001200231INLIS000000000002809 IND  a0010-0925000156 aAda Yang AbadicEidelweis Almira aEidelweis Almira aJakartabZettuc2013 a220c(13 x 19 cm) a978-602-7999-53-4 a813 EID c a813 a0755031